[Event "XIII Open Nicolo' La Rosa"]
[Site "Mazara del Vallo ITA"]
[Date "2005.08.20"]
[Round "4"]
[White "Roberti, Ignazio"]
[Black "Melograni, Francesco"]
[Result "1-0"]
[WhiteElo "1959"]
[BlackElo "1658"]
[PlyCount "63"]
[EventDate "2005.08.19"]

1. e4 e5 2. Nf3 Nc6 3. Bb5 d6 4. c3 Nf6 5. d3 Be7 6. Nbd2 O-O 7. Nf1 Bg4 8. Ng3
Nh5 9. Nf5 Qc8 10. Bxc6 Bxf5 11. exf5 bxc6 12. Nxe5 Nf6 13. Nxc6 Qd7 14. Nxe7+
Qxe7+ 15. Qe2 Qd7 16. g4 Rae8 17. Be3 Re7 18. Kd2 Nd5 19. Qf3 Nxe3 20. fxe3 Qb5
21. Rab1 Rfe8 22. Rhe1 c5 23. Qd5 Qb6 24. f6 gxf6 25. Qf5 Qc6 26. e4 Re5 27.
Qxf6 R8e6 28. Qd8+ Kg7 29. Re3 h6 30. Rf1 Qb7 31. Kc2 Qa6 32. Rxf7+ 1-0

[Event "XIII Open Nicolo' La Rosa"]
[Site "Mazara del Vallo ITA"]
[Date "2005.08.20"]
[Round "4"]
[White "Serio, Danilo"]
[Black "Di Liberti, Ivan"]
[Result "1/2-1/2"]
[WhiteElo "1943"]
[BlackElo "1533"]
[PlyCount "51"]
[EventDate "2005.08.19"]

1. f4 Nf6 2. Nf3 d5 3. e3 c5 4. Be2 Nc6 5. O-O e6 6. Ne5 Bd7 7. b3 Bd6 8. Bb2
O-O 9. Qe1 Ne8 10. Ng4 f5 11. Nh6+ Kh8 12. Bh5 Nf6 13. Nf7+ Rxf7 14. Bxf7 g6
15. Qh4 Kg7 16. Bg8 h5 17. Bh7 d4 18. Bxg6 Kxg6 19. Qg5+ Kh7 20. Na3 Be8 21.
Nc4 Ne4 22. Qxd8 Rxd8 23. d3 Nf6 24. exd4 cxd4 25. Rae1 Bf7 26. h3 1/2-1/2

[Event "XIII Open Nicolo' La Rosa"]
[Site "Mazara del Vallo ITA"]
[Date "2005.08.20"]
[Round "4"]
[White "Speciale, Francesco"]
[Black "Pipitone, Claudio"]
[Result "1-0"]
[WhiteElo "1730"]
[BlackElo "1637"]
[PlyCount "91"]
[EventDate "2005.08.19"]

1. d4 Nf6 2. c4 g6 3. Nc3 Bg7 4. Nf3 d6 5. e4 O-O 6. Bd3 Nc6 7. d5 Nb4 8. Bb1
e5 9. a3 Na6 10. b4 c6 11. h3 cxd5 12. cxd5 Nc7 13. Bd3 Bd7 14. Bg5 a6 15. O-O
Rc8 16. Re1 h6 17. Bh4 g5 18. Bg3 Nh5 19. Ne2 Qf6 20. Kh2 Nf4 21. Nfg1 g4 22.
hxg4 Bxg4 23. f3 Bd7 24. Nxf4 exf4 25. Bf2 Qe5 26. Ne2 Qh5+ 27. Kg1 Qg5 28. g3
fxg3 29. Bxg3 Bd4+ 30. Kg2 Be3 31. Rb1 h5 32. Rh1 Nb5 33. Qf1 f5 34. f4 Qg6 35.
Qf3 Bb6 36. Rxh5 Bd8 37. Rbh1 Bf6 38. exf5 Qg7 39. Rh6 Be8 40. a4 Nc3 41. Nd4
Bxd4 42. Rh7 Qxh7 43. Rxh7 Kxh7 44. f6+ Kh6 45. Qg4 Rc7 46. Qg5# 1-0

[Event "XIII Open Nicolo' La Rosa"]
[Site "Mazara del Vallo ITA"]
[Date "2005.08.21"]
[Round "5"]
[White "Apollo, Vincenzo"]
[Black "Guirreri, Filippo"]
[Result "0-1"]
[WhiteElo "1574"]
[BlackElo "1532"]
[PlyCount "72"]
[EventDate "2005.08.19"]

1. e4 e5 2. Nf3 Nc6 3. Bb5 Nf6 4. Nc3 Bc5 5. d3 Ng4 6. O-O O-O 7. h3 Nxf2 8.
Rxf2 Bxf2+ 9. Kxf2 Re8 10. Bc4 h6 11. Qf1 Qf6 12. Kg1 a6 13. Bd2 b5 14. Bd5 Rb8
15. Bxc6 dxc6 16. Be1 Qg6 17. Kh1 c5 18. Ne2 Bb7 19. Bg3 Qh5 20. Nxe5 Rxe5 21.
Bxe5 Qxe5 22. Qf3 Qxb2 23. Qf1 Qxc2 24. Ng1 c4 25. dxc4 Bxe4 26. cxb5 axb5 27.
Nf3 Qb2 28. Ng1 Bxg2+ 29. Qxg2 Qxa1 30. Qc6 Qe5 31. a4 bxa4 32. Qxa4 Qd5+ 33.
Kh2 Ra8 34. Qf4 Ra2+ 35. Kg3 Rg2+ 36. Kh4 g5+ 0-1

[Event "XIII Open Nicolo' La Rosa"]
[Site "Mazara del Vallo ITA"]
[Date "2005.08.21"]
[Round "5"]
[White "Cerami, Giuseppe"]
[Black "Bocci, Alessandro"]
[Result "1/2-1/2"]
[WhiteElo "1772"]
[BlackElo "1947"]
[PlyCount "45"]
[EventDate "2005.08.19"]

1. b4 e5 2. Bb2 d6 3. e3 Nf6 4. Nf3 g6 5. Bc4 Bg7 6. d3 O-O 7. Nbd2 c6 8. O-O
Qe7 9. a3 Be6 10. Rb1 Nbd7 11. e4 b5 12. Bxe6 fxe6 13. Ng5 h6 14. Nh3 Nh5 15.
Qg4 Kh7 16. f4 Ndf6 17. Qh4 exf4 18. e5 dxe5 19. Bxe5 Nd5 20. Qxe7 Nxe7 21.
Bxf4 Nxf4 22. Nxf4 Bd4+ 23. Kh1 1/2-1/2

[Event "XIII Open Nicolo' La Rosa"]
[Site "Mazara del Vallo ITA"]
[Date "2005.08.21"]
[Round "5"]
[White "Di Liberti, Ivan"]
[Black "Internicola, Dario"]
[Result "0-1"]
[WhiteElo "1533"]
[BlackElo "1535"]
[PlyCount "120"]
[EventDate "2005.08.19"]

1. d4 d5 2. c4 e6 3. Nc3 Nf6 4. Nf3 Be7 5. e3 Nbd7 6. c5 c6 7. b4 a5 8. b5 cxb5
9. Bxb5 O-O 10. Qa4 Qc7 11. Ne2 Nb8 12. Ba3 Bd7 13. Rc1 Bxb5 14. Qxb5 Ra6 15.
Rc3 Qc6 16. Qxc6 Nxc6 17. O-O b5 18. cxb6 Rxb6 19. Bxe7 Nxe7 20. Ne5 Rb2 21.
Nc1 Ne4 22. Rb3 Rb8 23. Rxb8+ Rxb8 24. Nb3 Nc3 25. Nd7 Rb5 26. g3 Nxa2 27. Ra1
Rxb3 28. Rxa2 Rb5 29. Nc5 g6 30. Na4 Nc6 31. Nc3 Rb8 32. Ra1 Ra8 33. Kf1 Kf8
34. Ke2 Ke7 35. Nb5 Nb4 36. Nc7 Rc8 37. Nb5 Rc2+ 38. Kf1 Ra2 39. Rxa2 Nxa2 40.
Ke1 Kd7 41. Kd2 Kc6 42. Na3 Kb6 43. Kc2 a4 44. Kb2 Nb4 45. Kc3 Ka5 46. f3 f6
47. e4 h5 48. h3 g5 49. g4 hxg4 50. hxg4 dxe4 51. fxe4 f5 52. exf5 exf5 53.
gxf5 g4 54. f6 Nd5+ 55. Kc4 Nxf6 56. d5 Nxd5 57. Kxd5 g3 58. Nc4+ Kb4 59. Nd2
g2 60. Nf3 a3 0-1

[Event "XIII Open Nicolo' La Rosa"]
[Site "Mazara del Vallo ITA"]
[Date "2005.08.21"]
[Round "5"]
[White "Melograni, Francesco"]
[Black "Internicola, Vincenzo"]
[Result "1-0"]
[WhiteElo "1658"]
[BlackElo "1506"]
[PlyCount "75"]
[EventDate "2005.08.19"]

1. e4 e5 2. Nf3 Nc6 3. Bc4 h6 4. Nc3 Nf6 5. d3 Bb4 6. O-O O-O 7. a3 Bc5 8. Be3
Nd4 9. Nxe5 d6 10. Nf3 Bg4 11. Bxd4 Bxd4 12. h3 Bxf3 13. Qxf3 c6 14. Rab1 b5
15. Ba2 a5 16. Ne2 Ba7 17. Ng3 Nh7 18. Nf5 Ng5 19. Qg3 d5 20. exd5 cxd5 21.
Bxd5 Bb8 22. Qg4 Qc7 23. g3 Ra6 24. h4 Ne6 25. Nxh6+ Kh8 26. Nf5 g6 27. Ne3 Rg8
28. h5 f5 29. Qh3 Qh7 30. Kg2 gxh5 31. Qxf5 Qh6 32. Bxe6 Rxe6 33. Rbe1 h4 34.
Ng4 Rxg4 35. Rxe6 h3+ 36. Kh2 Bxg3+ 37. fxg3 Qg7 38. Re8+ 1-0

[Event "XIII Open Nicolo' La Rosa"]
[Site "Mazara del Vallo ITA"]
[Date "2005.08.21"]
[Round "5"]
[White "Pipitone, Claudio"]
[Black "Cangemi, Felice"]
[Result "1-0"]
[WhiteElo "1637"]
[BlackElo "1496"]
[PlyCount "65"]
[EventDate "2005.08.19"]

1. d4 d5 2. c4 Nf6 3. Nc3 e6 4. Bg5 Be7 5. e3 Nc6 6. Nf3 h6 7. Bh4 O-O 8. Bd3
Ng4 9. Bxe7 Qxe7 10. h3 Nf6 11. cxd5 exd5 12. O-O Nb4 13. Bb1 c5 14. dxc5 Qxc5
15. Nd4 Nc6 16. Nce2 Nxd4 17. Nxd4 Bd7 18. Bc2 Ne4 19. Rc1 Qb6 20. Qh5 Nf6 21.
Qf3 Qxb2 22. Bb3 Be6 23. Rc2 Qa3 24. Rfc1 Qd6 25. Nb5 Qe5 26. Rc7 a6 27. Nd4 b5
28. R7c5 Nd7 29. Bxd5 Bxd5 30. Rxd5 Qe7 31. Rc7 Ne5 32. Rxe7 Nxf3+ 33. Nxf3 1-0

[Event "XIII Open Nicolo' La Rosa"]
[Site "Mazara del Vallo ITA"]
[Date "2005.08.21"]
[Round "5"]
[White "Speciale, Francesco"]
[Black "Serio, Danilo"]
[Result "1/2-1/2"]
[WhiteElo "1730"]
[BlackElo "1943"]
[PlyCount "52"]
[EventDate "2005.08.19"]

1. d4 f5 2. c4 g6 3. Nc3 Bg7 4. g3 Nf6 5. Bg2 O-O 6. e3 d6 7. Nge2 c6 8. O-O
Na6 9. a3 Qe8 10. b4 Nc7 11. Rb1 e5 12. Re1 e4 13. Qb3 Be6 14. Nf4 g5 15. Nxe6
Qxe6 16. Rd1 Nh5 17. d5 Qh6 18. dxc6 bxc6 19. Bf1 Rae8 20. Rxd6 Rf6 21. c5+ Kh8
22. Rd7 f4 23. g4 Ng3 24. hxg3 fxg3 25. fxg3 Rxf1+ 26. Kxf1 Qh3+ 1/2-1/2

[Event "XIII Open Nicolo' La Rosa"]
[Site "Mazara del Vallo ITA"]
[Date "2005.08.21"]
[Round "6"]
[White "Apollo, Vincenzo"]
[Black "Di Liberti, Ivan"]
[Result "0-1"]
[WhiteElo "1574"]
[BlackElo "1533"]
[PlyCount "28"]
[EventDate "2005.08.19"]

1. e4 e5 2. Nf3 Nc6 3. Bc4 Bc5 4. d3 Nf6 5. Ng5 O-O 6. h3 h6 7. Nxf7 Rxf7 8.
Bxf7+ Kxf7 9. Qf3 Nd4 10. Qd1 d5 11. exd5 Qxd5 12. O-O Bxh3 13. gxh3 Nf3+ 14.
Kh1 Nh4+ 0-1

[Event "XIII Open Nicolo' La Rosa"]
[Site "Mazara del Vallo ITA"]
[Date "2005.08.21"]
[Round "6"]
[White "Cerami, Giuseppe"]
[Black "Ljubisavljevic, Zivojin Z."]
[Result "1/2-1/2"]
[WhiteElo "1772"]
[BlackElo "2261"]
[PlyCount "21"]
[EventDate "2005.08.19"]

1. d4 d5 2. Nf3 Nf6 3. c4 e6 4. Bg5 Be7 5. e3 c6 6. Be2 Ne4 7. Bxe7 Qxe7 8.
Nbd2 Nxd2 9. Qxd2 a5 10. O-O O-O 11. Rac1 1/2-1/2

[Event "XIII Open Nicolo' La Rosa"]
[Site "Mazara del Vallo ITA"]
[Date "2005.08.21"]
[Round "6"]
[White "Guirreri, Filippo"]
[Black "Speciale, Francesco"]
[Result "1/2-1/2"]
[WhiteElo "1532"]
[BlackElo "1730"]
[PlyCount "61"]
[EventDate "2005.08.19"]

1. e4 e6 2. Bc4 d5 3. exd5 exd5 4. Bb5+ c6 5. Bd3 Nf6 6. Nf3 Bd6 7. O-O O-O 8.
h3 Be6 9. b3 Nbd7 10. c4 Ne5 11. Nxe5 Bxe5 12. Nc3 dxc4 13. Bxc4 Bxc4 14. bxc4
Qc7 15. Bb2 Rad8 16. Re1 Rfe8 17. Kh1 Qb6 18. Na4 Qc7 19. Bxe5 Rxe5 20. d3
Rxe1+ 21. Qxe1 Rxd3 22. Nc5 Rd8 23. a4 b6 24. Ne4 Qe7 25. Rd1 Rxd1 26. Nxf6+
gxf6 27. Qxd1 Qb4 28. Qg4+ Kf8 29. Qc8+ Ke7 30. Qxc6 Qe1+ 31. Kh2 1/2-1/2

[Event "XIII Open Nicolo' La Rosa"]
[Site "Mazara del Vallo ITA"]
[Date "2005.08.21"]
[Round "6"]
[White "Internicola, Dario"]
[Black "Serio, Danilo"]
[Result "1/2-1/2"]
[WhiteElo "1535"]
[BlackElo "1943"]
[PlyCount "30"]
[EventDate "2005.08.19"]

1. e4 d5 2. exd5 Qxd5 3. Nc3 Qd6 4. Bc4 Nf6 5. h3 a6 6. Nf3 Nc6 7. d4 Bf5 8. a3
e6 9. Be3 h6 10. Qe2 g5 11. g4 Bg6 12. O-O-O O-O-O 13. d5 exd5 14. Nxd5 Nxd5
15. Rxd5 Qe7 1/2-1/2

[Event "XIII Open Nicolo' La Rosa"]
[Site "Mazara del Vallo ITA"]
[Date "2005.08.21"]
[Round "6"]
[White "Roberti, Ignazio"]
[Black "Bocci, Alessandro"]
[Result "1/2-1/2"]
[WhiteElo "1959"]
[BlackElo "1947"]
[PlyCount "82"]
[EventDate "2005.08.19"]

1. Nf3 Nf6 2. b3 g6 3. Bb2 Bg7 4. g3 O-O 5. Bg2 d6 6. O-O e5 7. d3 c6 8. e4 Bg4
9. h3 Be6 10. Nbd2 Qd7 11. Kh2 b5 12. a4 b4 13. d4 exd4 14. Nxd4 d5 15. e5 Ne8
16. f4 Nc7 17. Qe2 c5 18. Nb5 Nxb5 19. axb5 Qc7 20. c4 bxc3 21. Bxc3 Nd7 22.
Ra6 Rab8 23. Rfa1 Qb7 24. Rxa7 Qxb5 25. Qxb5 Rxb5 26. Bxd5 Bxd5 27. Rxd7 Bxb3
28. Ne4 Be6 29. Rc7 c4 30. Nd6 Rb3 31. Rc1 Ra8 32. Nxc4 Ra2+ 33. Kg1 Bxh3 34.
Ne3 Re2 35. Nf1 h5 36. Rd1 Rg2+ 37. Kh1 Rc2 38. Ba5 Rxc7 39. Bxc7 Bxf1 40. Rxf1
Rxg3 41. f5 Rc3 1/2-1/2

[Event "XIV Weekend A"]
[Site "Palestrina ITA"]
[Date "2005.12.08"]
[Round "2"]
[White "Di Cecco, Giuseppe"]
[Black "Ferretti, Folco"]
[Result "0-1"]
[WhiteElo "1991"]
[BlackElo "2264"]
[PlyCount "88"]
[EventDate "2005.12.08"]

1. e4 c6 2. d4 d5 3. e5 c5 4. dxc5 Nc6 5. Nc3 e6 6. Nf3 Bxc5 7. Bd3 Nge7 8. Bf4
Ng6 9. Bg3 O-O 10. h4 f5 11. h5 Nh8 12. Qe2 Qa5 13. O-O Nf7 14. a3 Be7 15. Nb5
Qb6 16. c4 d4 17. b4 Qd8 18. Qb2 Ng5 19. Nfxd4 f4 20. Rad1 fxg3 21. Nxc6 gxf2+
22. Rxf2 bxc6 23. Bxh7+ Nxh7 24. Rxd8 Rxd8 25. Nd4 c5 26. Qe2 cxd4 27. Qf3 Bg5
28. Qxa8 d3 29. Qxa7 d2 30. Rxd2 Bxd2 31. Qc7 Rf8 32. b5 Be3+ 33. Kh2 Ng5 34.
b6 Ne4 35. b7 Bf4+ 36. g3 Bxg3+ 37. Kh3 Bxb7 38. Qxb7 Rf4 39. c5 Be1 40. c6
Ng5+ 41. Kg2 Rf2+ 42. Kg3 Re2+ 43. Kf4 Re4+ 44. Kxg5 Bd2+ 0-1

[Event "XXXIII Gold Cup"]
[Site "Merano - Meran ITA"]
[Date "2005.04.09"]
[Round "1"]
[White "Hoeschele, Hans-Ulrich"]
[Black "Klein, Reinhard"]
[Result "1-0"]
[WhiteElo "2187"]
[BlackElo "1926"]
[PlyCount "125"]
[EventDate "2005.04.10"]

1. e4 c5 2. Nc3 Nc6 3. g3 d6 4. Bg2 Nf6 5. d3 g6 6. Nd5 Bg7 7. Ne2 O-O 8. O-O
Bd7 9. c3 Rb8 10. Bg5 Re8 11. Qc2 h6 12. Bxf6 exf6 13. Rad1 Ne7 14. Nef4 g5 15.
Nxe7+ Rxe7 16. Nd5 Re8 17. Ne3 Be6 18. f4 Qb6 19. Nd5 Bxd5 20. exd5 Re7 21. Qf2
Rbe8 22. Rd2 Qc7 23. Be4 Qd7 24. fxg5 fxg5 25. Qf3 g4 26. Qf4 Re5 27. Rdf2 f6
28. Bf5 Qe7 29. Be6+ Kh8 30. Qxg4 Rf8 31. d4 cxd4 32. Qxd4 b6 33. Qd3 Qe8 34.
Rf5 Qa4 35. a3 Qe4 36. Qxe4 Rxe4 37. Kf2 Kh7 38. Re1 Rxe1 39. Kxe1 Kg6 40. g4
Rh8 41. Rh5 Re8 42. Kd2 Re7 43. Kd3 Rc7 44. Rf5 Bf8 45. h4 Bg7 46. h5+ Kh7 47.
Rf4 b5 48. Re4 Bf8 49. a4 bxa4 50. Rxa4 Be7 51. Rb4 Kg7 52. Rb8 Bf8 53. c4 Re7
54. b3 Rc7 55. Kc3 a5 56. Ra8 Rc5 57. Ra7+ Kh8 58. Bf5 Kg8 59. Kd3 Kh8 60. Ke4
Kg8 61. Be6+ Kh8 62. Kf5 a4 63. Kg6 1-0

[Event "XXXIII Gold Cup"]
[Site "Merano - Meran ITA"]
[Date "2005.04.09"]
[Round "1"]
[White "Muscolino, Attilio"]
[Black "Aufmwasser, Guenter"]
[Result "1-0"]
[WhiteElo "2122"]
[BlackElo "1875"]
[PlyCount "65"]
[EventDate "2005.04.10"]

1. e4 c5 2. Nf3 Nc6 3. c3 a6 4. d4 cxd4 5. cxd4 e6 6. Nc3 d5 7. e5 Be7 8. Bd3
f6 9. Nh4 f5 10. Nf3 g5 11. h4 g4 12. Nh2 h5 13. g3 Nh6 14. Ne2 Bb4+ 15. Kf1
Nf7 16. Kg2 Bd7 17. Be3 Bf8 18. Rc1 Ne7 19. f3 Ng6 20. fxg4 Nxh4+ 21. gxh4 hxg4
22. Nf1 Rxh4 23. Nfg3 Bh6 24. Nf4 Nxe5 25. dxe5 d4 26. Bd2 Bxf4 27. Bxf4 Bc6+
28. Rxc6 Qd5+ 29. Kf2 Rxh1 30. Qxh1 Qxh1 31. Rxe6+ Kf7 32. Rf6+ Kg7 33. Nxh1
1-0

[Event "XXXIII Gold Cup"]
[Site "Merano - Meran ITA"]
[Date "2005.04.09"]
[Round "1"]
[White "Thonig, Manfred"]
[Black "Wempe, Juergen"]
[Result "1/2-1/2"]
[WhiteElo "1882"]
[BlackElo "2218"]
[PlyCount "61"]
[EventDate "2005.04.10"]

1. f4 g5 2. d4 gxf4 3. Bxf4 Bg7 4. Nf3 d6 5. e4 Bg4 6. Be2 c5 7. c3 cxd4 8. O-O
Qb6 9. Nxd4 Bxe2 10. Qxe2 e5 11. Qb5+ Nd7 12. Qxb6 Nxb6 13. Nf5 Bf8 14. Bg3 Nh6
15. Na3 Rc8 16. Nb5 Nxf5 17. Rxf5 a6 18. Bxe5 dxe5 19. Rxe5+ Kd8 20. Rd1+ Nd7
21. Red5 axb5 22. Rxd7+ Ke8 23. Rxb7 Rg8 24. Rd5 Rg4 25. Re5+ Kd8 26. Rxf7 Bc5+
27. Kf1 b4 28. Rff5 Bd6 29. Rd5 bxc3 30. Rxd6+ Ke7 31. Rdd5 1/2-1/2

[Event "XXXIII Gold Cup"]
[Site "Merano - Meran ITA"]
[Date "2005.04.13"]
[Round "5"]
[White "Wahl, Frithjof"]
[Black "Durst, Uwe"]
[Result "0-1"]
[WhiteElo "2156"]
[BlackElo "2105"]
[PlyCount "56"]
[EventDate "2005.04.10"]

1. e4 d6 2. d4 Nf6 3. Nc3 g6 4. f3 c6 5. Be3 b5 6. Qd2 a5 7. a3 Bb7 8. Nh3 Qc7
9. Be2 Nbd7 10. O-O Bg7 11. Rad1 O-O 12. Bh6 Rfd8 13. Bxg7 Kxg7 14. f4 b4 15.
axb4 axb4 16. Nb1 Nxe4 17. Qxb4 Ndf6 18. c4 c5 19. dxc5 dxc5 20. Qb3 Bc6 21.
Rxd8 Rxd8 22. Rd1 Rb8 23. Qe3 Rxb2 24. Ng5 Qb7 25. Nxe4 Bxe4 26. Nc3 Bxg2 27.
Nd5 Nxd5 28. cxd5 Bxd5 0-1

[Event "XIII Torneo Internazionale"]
[Site "Salona CRO"]
[Date "2005.12.09"]
[Round "1"]
[White "Godena, Michele"]
[Black "Cvorovic, Drazen"]
[Result "1-0"]
[WhiteElo "2502"]
[BlackElo "2446"]
[PlyCount "91"]
[EventDate "2005.12.09"]

1. e4 c6 2. d4 d5 3. Nc3 dxe4 4. Nxe4 Nf6 5. Nxf6+ exf6 6. c3 Bd6 7. Bd3 Be6 8.
Ne2 Qc7 9. Ng3 Nd7 10. Ne4 Be7 11. Qf3 c5 12. dxc5 Ne5 13. Bb5+ Kf8 14. Qe3 Bd5
15. O-O a6 16. Ba4 Ng4 17. Qg3 Qxg3 18. Nxg3 Bxc5 19. h3 h5 20. hxg4 hxg4 21.
Be3 Be7 22. Rfd1 Be6 23. Bd7 g6 24. Bxe6 fxe6 25. Rd7 b5 26. Rad1 e5 27. Rb7 f5
28. Rdd7 Bd8 29. Bc5+ Ke8 30. Nf1 Rc8 31. b4 Bg5 32. Ne3 g3 33. Nd5 Rxc5 34.
bxc5 Rh1+ 35. Kxh1 gxf2 36. Nf6+ Bxf6 37. Rd1 e4 38. c6 Be5 39. c7 Bxc7 40.
Rxc7 e3 41. Rc5 f4 42. Re5+ Kf7 43. g3 g5 44. gxf4 gxf4 45. Kg2 Kf6 46. Re8 1-0

[Event "XIII Torneo Internazionale"]
[Site "Salona CRO"]
[Date "2005.12.10"]
[Round "2"]
[White "Dizdarevic, Emir"]
[Black "Godena, Michele"]
[Result "1/2-1/2"]
[WhiteElo "2509"]
[BlackElo "2502"]
[PlyCount "82"]
[EventDate "2005.12.09"]

1. Nf3 Nf6 2. c4 e6 3. g3 d5 4. Bg2 dxc4 5. Qa4+ c6 6. Qxc4 b5 7. Qc2 Bb7 8.
Nc3 Nbd7 9. O-O Be7 10. d3 O-O 11. a4 a6 12. h3 Qb6 13. e4 c5 14. Be3 Rfc8 15.
Rfd1 Bc6 16. Qe2 Qb7 17. Nd2 Rab8 18. Bf4 e5 19. Be3 Qc7 20. Rdc1 Qd8 21. axb5
axb5 22. Nb3 Ra8 23. Rab1 Bd6 24. Rc2 b4 25. Nd1 Ba4 26. Nc1 Bxc2 27. Qxc2 Nf8
28. Bg5 Ne6 29. Bxf6 Qxf6 30. Ne3 c4 31. Nd5 Qd8 32. dxc4 Bc5 33. Nd3 Qd6 34.
Kh2 Ra7 35. Qd1 Rb8 36. h4 Bd4 37. Rc1 Nc5 38. N5xb4 Rab7 39. Nxc5 Rxb4 40. Nd3
Rb3 41. c5 Qc6 1/2-1/2

[Event "XIII Torneo Internazionale"]
[Site "Salona CRO"]
[Date "2005.12.11"]
[Round "4"]
[White "Kovalevskaya, Ekaterina"]
[Black "Godena, Michele"]
[Result "1/2-1/2"]
[WhiteElo "2457"]
[BlackElo "2502"]
[PlyCount "143"]
[EventDate "2005.12.09"]

1. e4 e5 2. Nf3 Nc6 3. Nc3 Nf6 4. g3 Bc5 5. Bg2 d6 6. d3 a6 7. O-O O-O 8. h3
Kh8 9. Kh2 h6 10. Be3 Bxe3 11. fxe3 Ne7 12. Nh4 Neg8 13. Rf2 g6 14. Qe2 Kg7 15.
Raf1 c6 16. Nb1 b5 17. Nd2 Ra7 18. d4 c5 19. d5 Nh7 20. Qe1 h5 21. Qe2 Nh6 22.
c4 b4 23. Rg1 Ng5 24. Nhf3 f6 25. Nxg5 fxg5 26. Rxf8 Qxf8 27. Rf1 Rf7 28. Qe1
Rxf1 29. Qxf1 Qe7 30. Qf2 g4 31. h4 g5 32. hxg5 Qxg5 33. Bf1 Kg6 34. Kg1 Qf6
35. Qxf6+ Kxf6 36. Bg2 Kg5 37. Kf2 h4 38. gxh4+ Kxh4 39. Nf1 Ng8 40. Ng3 Bd7
41. Bf1 a5 42. Bd3 Kg5 43. Bc2 Be8 44. Kg2 Bg6 45. Ba4 Nf6 46. Bc2 Kh4 47. b3
Bh7 48. Bd3 Nh5 49. Nf1 Nf6 50. Ng3 Nh5 51. Nf1 Bg6 52. Bc2 g3 53. Nd2 Nf6 54.
Nf3+ Kg4 55. Nd2 Kh4 56. Nf3+ Kh5 57. Nd2 Ng4 58. Bd1 Kg5 59. Kxg3 Nxe3 60. Be2
Bh7 61. Nf3+ Kf6 62. Nd2 Bg6 63. Kf2 Nc2 64. Bd1 Nd4 65. Kg3 Be8 66. Kh4 Bf7
67. Nf1 Bg6 68. Ng3 Ke7 69. Kg4 Be8 70. Nh1 Kf6 71. Kh4 Bf7 72. Nf2 1/2-1/2

[Event "XIII Torneo Internazionale"]
[Site "Salona CRO"]
[Date "2005.12.12"]
[Round "5"]
[White "Godena, Michele"]
[Black "Kovacevic, Vlatko"]
[Result "1/2-1/2"]
[WhiteElo "2502"]
[BlackElo "2512"]
[PlyCount "42"]
[EventDate "2005.12.09"]

1. e4 e6 2. d4 d5 3. Nd2 Nf6 4. e5 Nfd7 5. Bd3 c5 6. c3 Nc6 7. Ne2 a5 8. O-O
cxd4 9. cxd4 Nb6 10. Nf3 Be7 11. Nf4 Nb4 12. Be2 a4 13. Nh5 g6 14. Nf6+ Bxf6
15. exf6 Qxf6 16. Bg5 Qg7 17. Qd2 Nc6 18. Bh6 Qf6 19. Bg5 Qg7 20. Bh6 Qf6 21.
Bg5 Qg7 1/2-1/2

[Event "XIII Torneo Internazionale"]
[Site "Salona CRO"]
[Date "2005.12.13"]
[Round "6"]
[White "Godena, Michele"]
[Black "Jovanic, Ognjen"]
[Result "1-0"]
[WhiteElo "2502"]
[BlackElo "2469"]
[PlyCount "75"]
[EventDate "2005.12.09"]

1. e4 d6 2. d4 Nf6 3. Nc3 g6 4. g3 Bg7 5. Bg2 O-O 6. Nge2 e5 7. O-O Nc6 8. dxe5
dxe5 9. Bg5 Be6 10. Nd5 Bxd5 11. exd5 Ne7 12. c4 Nf5 13. g4 Nd4 14. Nxd4 exd4
15. Qxd4 h6 16. Be3 Qd7 17. h3 h5 18. gxh5 Nxh5 19. Qg4 Qd6 20. c5 Qe5 21. Rfd1
Qxb2 22. Rab1 Qxa2 23. Rxb7 Rac8 24. d6 Nf6 25. Qf3 cxd6 26. cxd6 Qe6 27. d7
Rcd8 28. Qc6 Qe5 29. Rxa7 Qh5 30. Qf3 Qb5 31. Qc6 Qb3 32. Bf3 Kh7 33. Rb7 Qa3
34. Bc5 Qa5 35. Ra7 Qc3 36. Bxf8 Qxc6 37. Bxc6 Bxf8 38. Ra8 1-0

[Event "XIII Torneo Internazionale"]
[Site "Salona CRO"]
[Date "2005.12.14"]
[Round "7"]
[White "Kovacevic, Blazimir"]
[Black "Godena, Michele"]
[Result "1-0"]
[WhiteElo "2493"]
[BlackElo "2502"]
[PlyCount "105"]
[EventDate "2005.12.09"]

1. c4 e6 2. Nc3 d5 3. d4 c6 4. e4 Bb4 5. Bd2 Ne7 6. Nf3 Nd7 7. Bd3 dxc4 8. Bxc4
c5 9. a3 cxd4 10. axb4 dxc3 11. Bxc3 O-O 12. e5 Nb6 13. Bd3 Ng6 14. Qc2 Nd5 15.
h4 h6 16. Bd2 Bd7 17. Bxg6 fxg6 18. Bxh6 Qe8 19. Bd2 Rc8 20. Qe4 Bc6 21. Qg4
Rf5 22. O-O Bb5 23. Rfe1 Rc4 24. Re4 Rxe4 25. Qxe4 a6 26. Nd4 Rf8 27. Ra3 Bd7
28. Rg3 Qf7 29. Be3 Be8 30. Nf3 Qf5 31. Ng5 Nxe3 32. Qxe3 Bc6 33. Nh3 Qb1+ 34.
Kh2 Qxb2 35. h5 Qxb4 36. Rxg6 Qe4 37. Qg3 Rf7 38. h6 Qxg2+ 39. Qxg2 Bxg2 40.
Kxg2 Kh7 41. Rxe6 gxh6 42. f4 a5 43. Rb6 a4 44. Kf3 Rc7 45. Nf2 a3 46. Ng4 a2
47. Rxh6+ Kg7 48. Rh1 b5 49. Ra1 Rc2 50. Ne3 Rb2 51. Nd5 Kf8 52. Kg4 Kf7 53.
Kf5 1-0

[Event "XIII Torneo Internazionale"]
[Site "Salona CRO"]
[Date "2005.12.15"]
[Round "8"]
[White "Godena, Michele"]
[Black "Lugovoi, Aleksei"]
[Result "1/2-1/2"]
[WhiteElo "2502"]
[BlackElo "2547"]
[PlyCount "122"]
[EventDate "2005.12.09"]

1. e4 c5 2. c3 g6 3. Nf3 Bg7 4. Bc4 d6 5. d4 cxd4 6. cxd4 Nf6 7. Nc3 O-O 8. Bb3
Bg4 9. h3 Bxf3 10. Qxf3 Nc6 11. Be3 Nd7 12. Rd1 Na5 13. Bc2 Rc8 14. O-O b5 15.
Bb1 a6 16. Qg3 Nb6 17. Ne2 Nbc4 18. Bc1 b4 19. h4 Qb6 20. Nf4 Nc6 21. b3 Na3
22. Bd3 Nxd4 23. Nd5 Qb7 24. h5 Rfe8 25. hxg6 hxg6 26. Qh4 Ne6 27. Bh6 f6 28.
Rfe1 Kf7 29. e5 dxe5 30. Bxg7 Kxg7 31. Qg4 Nf8 32. Nxb4 Nb5 33. Re3 Rcd8 34.
Rde1 Rd4 35. Re4 f5 36. Qg3 Rxe4 37. Bxe4 fxe4 38. Qxe5+ Kg8 39. Rxe4 Nd6 40.
Rd4 Nf7 41. Qe2 e5 42. Rc4 Nd6 43. Rg4 a5 44. Qd3 Nf7 45. Nc2 Rd8 46. Qe2 Qc6
47. Ra4 Ne6 48. Ne3 Qc1+ 49. Qf1 Qc5 50. Qc4 Qxc4 51. Nxc4 Rd1+ 52. Kh2 Rd5 53.
Rxa5 Rxa5 54. Nxa5 Kf8 55. Nc4 Ke7 56. b4 Kd7 57. b5 Nc5 58. f3 Ke6 59. Kg3 Kd5
60. Nb6+ Kd4 61. a4 Nb7 1/2-1/2

[Event "XIII Torneo Internazionale"]
[Site "Salona CRO"]
[Date "2005.12.16"]
[Round "9"]
[White "Kurajica, Bojan"]
[Black "Godena, Michele"]
[Result "1-0"]
[WhiteElo "2533"]
[BlackElo "2502"]
[PlyCount "75"]
[EventDate "2005.12.09"]

1. d4 d5 2. Nf3 Nf6 3. e3 e6 4. c4 a6 5. Nbd2 c5 6. cxd5 exd5 7. Qc2 cxd4 8.
Nxd4 Bd6 9. g3 O-O 10. Bg2 Nbd7 11. O-O Ne5 12. N2f3 Nxf3+ 13. Nxf3 Bg4 14. Bd2
Ne4 15. Nd4 Rc8 16. Qd3 Qb6 17. Bc3 Nxc3 18. bxc3 Qa5 19. Rfc1 Ba3 20. Rc2 Rfd8
21. Rb1 b5 22. h3 Bh5 23. Nf5 Qa4 24. Rd2 Qc4 25. g4 Bg6 26. Bxd5 Qc7 27. c4
Bxf5 28. Qxf5 Bf8 29. cxb5 axb5 30. Rxb5 g6 31. Qf3 Rb8 32. a4 Rxb5 33. axb5
Rd7 34. Kg2 Bc5 35. Qf6 Qa7 36. Ra2 Qc7 37. b6 Bxb6 38. Bxf7+ 1-0

[Event "XIII Torneo Internazionale"]
[Site "Salona CRO"]
[Date "2005.12.17"]
[Round "10"]
[White "Godena, Michele"]
[Black "Saric, Ante"]
[Result "1-0"]
[WhiteElo "2502"]
[BlackElo "2437"]
[PlyCount "95"]
[EventDate "2005.12.09"]

1. e4 e5 2. Bc4 Nf6 3. d3 Nc6 4. Nf3 Be7 5. O-O O-O 6. Bb3 d5 7. exd5 Nxd5 8.
h3 Bf6 9. Re1 Re8 10. Nbd2 Nb6 11. Ne4 h6 12. d4 Bf5 13. Nxf6+ Qxf6 14. dxe5
Nxe5 15. Nxe5 Rxe5 16. Rxe5 Qxe5 17. Qf3 c6 18. Bd2 Bg6 19. Re1 Qxb2 20. Bc3
Qa3 21. Bd4 Qf8 22. h4 c5 23. h5 Bxh5 24. Qxh5 cxd4 25. Qf3 Nd7 26. Qxb7 Nc5
27. Bxf7+ Kh8 28. Qc7 d3 29. cxd3 Nxd3 30. Rd1 Ne5 31. Bd5 Qf4 32. Qc1 Qxc1 33.
Rxc1 Rd8 34. Bb3 Rd7 35. f4 Nd3 36. Rc8+ Kh7 37. Be6 Rd6 38. Bf5+ g6 39. Rc7+
Kg8 40. Bxd3 Rxd3 41. Rxa7 Rd4 42. g3 Rd2 43. a4 g5 44. a5 gxf4 45. gxf4 h5 46.
a6 Rd6 47. Ra8+ Kg7 48. a7 1-0